| 000 | 00392 a2200169 4500 | ||
|---|---|---|---|
| 001 | 72410 | ||
| 020 | _a8506016312 | ||
| 040 | _cAnchieta - Colégio São Paulo | ||
| 100 | _aBarbosa, Rogério Andrade | ||
| 240 | 1 | 0 |
_aNa terra dos gorilas _lpor |
| 245 | 1 | 0 | _aNa terra dos gorilas |
| 300 | _a94 | ||
| 362 | 0 | _a1992 | |
| 440 | 1 | _aMelhoramentos | |
| 650 | 4 | _aLiteratura juvenil | |
| 942 | _cBK | ||
| 999 |
_c72410 _d72410 |
||